<?xml version="1.0" encoding="UTF-8"?>
<record
    xmlns:xsi="http://www.w3.org/2001/XMLSchema-instance"
    xsi:schemaLocation="http://www.loc.gov/MARC21/slim http://www.loc.gov/standards/marcxml/schema/MARC21slim.xsd"
    xmlns="http://www.loc.gov/MARC21/slim">

  <leader>00841nam a22002657a 4500</leader>
  <controlfield tag="005">20251015143703.0</controlfield>
  <controlfield tag="008">251015b        |||||||| |||| 00| 0 eng d</controlfield>
  <datafield tag="017" ind1=" " ind2=" ">
    <subfield code="a">LD.0704</subfield>
  </datafield>
  <datafield tag="018" ind1=" " ind2=" ">
    <subfield code="a">2025</subfield>
  </datafield>
  <datafield tag="020" ind1=" " ind2=" ">
    <subfield code="a">9789787905463</subfield>
  </datafield>
  <datafield tag="040" ind1=" " ind2=" ">
    <subfield code="a">NLN</subfield>
    <subfield code="b">English</subfield>
    <subfield code="e">AACR2</subfield>
  </datafield>
  <datafield tag="050" ind1=" " ind2=" ">
    <subfield code="a">TK7887.5</subfield>
    <subfield code="b">S949</subfield>
  </datafield>
  <datafield tag="082" ind1=" " ind2=" ">
    <subfield code="a">004.7</subfield>
  </datafield>
  <datafield tag="100" ind1=" " ind2=" ">
    <subfield code="a">SULE, Mohammed A.</subfield>
    <subfield code="e">aut</subfield>
    <subfield code="9">67997</subfield>
  </datafield>
  <datafield tag="245" ind1=" " ind2=" ">
    <subfield code="a">Foundations of computer hardware :</subfield>
    <subfield code="b">a complete guide for beginners /</subfield>
    <subfield code="c">Mohammed Adamu Sule</subfield>
  </datafield>
  <datafield tag="260" ind1=" " ind2=" ">
    <subfield code="a">Zaria, Kaduna State :</subfield>
    <subfield code="b">Ahmadu Bello University Press,</subfield>
    <subfield code="c">2022.</subfield>
  </datafield>
  <datafield tag="300" ind1=" " ind2=" ">
    <subfield code="a">xi, 96p. :</subfield>
    <subfield code="b">ill. ; 25cm</subfield>
  </datafield>
  <datafield tag="500" ind1=" " ind2=" ">
    <subfield code="a">Bibliography : p. 89-92</subfield>
  </datafield>
  <datafield tag="563" ind1=" " ind2=" ">
    <subfield code="a">(pbk.)</subfield>
  </datafield>
  <datafield tag="650" ind1=" " ind2=" ">
    <subfield code="a">Computer input-output equipment</subfield>
    <subfield code="9">32284</subfield>
  </datafield>
  <datafield tag="650" ind1=" " ind2=" ">
    <subfield code="a">Micro computer</subfield>
    <subfield code="9">67998</subfield>
  </datafield>
  <datafield tag="650" ind1=" " ind2=" ">
    <subfield code="a">Computer architecture</subfield>
    <subfield code="9">31677</subfield>
  </datafield>
  <datafield tag="700" ind1=" " ind2=" ">
    <subfield code="a">Usman Isyaku Bature</subfield>
    <subfield code="e">ctb</subfield>
    <subfield code="9">67999</subfield>
  </datafield>
  <datafield tag="942" ind1=" " ind2=" ">
    <subfield code="c">BK</subfield>
    <subfield code="n">0</subfield>
  </datafield>
  <datafield tag="999" ind1=" " ind2=" ">
    <subfield code="c">33404</subfield>
    <subfield code="d">33404</subfield>
  </datafield>
  <datafield tag="952" ind1=" " ind2=" ">
    <subfield code="0">0</subfield>
    <subfield code="1">0</subfield>
    <subfield code="2">lcc</subfield>
    <subfield code="4">0</subfield>
    <subfield code="7">0</subfield>
    <subfield code="a">ABJ</subfield>
    <subfield code="b">MAIN</subfield>
    <subfield code="d">2025-10-15</subfield>
    <subfield code="e">Legal deposit</subfield>
    <subfield code="i">455119 455102</subfield>
    <subfield code="l">0</subfield>
    <subfield code="o">TK7887.5 S949</subfield>
    <subfield code="p">455119 455102</subfield>
    <subfield code="r">2025-10-15 14:42:17</subfield>
    <subfield code="t">2</subfield>
    <subfield code="w">2025-10-15</subfield>
    <subfield code="y">BK</subfield>
  </datafield>
  <datafield tag="952" ind1=" " ind2=" ">
    <subfield code="0">0</subfield>
    <subfield code="1">0</subfield>
    <subfield code="2">lcc</subfield>
    <subfield code="4">0</subfield>
    <subfield code="7">0</subfield>
    <subfield code="a">ABAK</subfield>
    <subfield code="b">MAIN</subfield>
    <subfield code="d">2025-10-15</subfield>
    <subfield code="e">Legal deposit</subfield>
    <subfield code="i">455094</subfield>
    <subfield code="l">0</subfield>
    <subfield code="o">TK7887.5 S949</subfield>
    <subfield code="p">455094</subfield>
    <subfield code="r">2025-10-15 14:43:25</subfield>
    <subfield code="t">1</subfield>
    <subfield code="w">2025-10-15</subfield>
    <subfield code="y">BK</subfield>
  </datafield>
  <datafield tag="952" ind1=" " ind2=" ">
    <subfield code="0">0</subfield>
    <subfield code="1">0</subfield>
    <subfield code="2">lcc</subfield>
    <subfield code="4">0</subfield>
    <subfield code="7">0</subfield>
    <subfield code="a">AKU</subfield>
    <subfield code="b">MAIN</subfield>
    <subfield code="d">2025-10-15</subfield>
    <subfield code="e">Legal deposit</subfield>
    <subfield code="i">455116</subfield>
    <subfield code="l">0</subfield>
    <subfield code="o">TK7887.5 S949</subfield>
    <subfield code="p">455116</subfield>
    <subfield code="r">2025-10-15 14:44:14</subfield>
    <subfield code="t">1</subfield>
    <subfield code="w">2025-10-15</subfield>
    <subfield code="y">BK</subfield>
  </datafield>
  <datafield tag="952" ind1=" " ind2=" ">
    <subfield code="0">0</subfield>
    <subfield code="1">0</subfield>
    <subfield code="2">lcc</subfield>
    <subfield code="4">0</subfield>
    <subfield code="7">0</subfield>
    <subfield code="a">ASA</subfield>
    <subfield code="b">MAIN</subfield>
    <subfield code="d">2025-10-15</subfield>
    <subfield code="e">Legal deposit</subfield>
    <subfield code="i">455117</subfield>
    <subfield code="l">0</subfield>
    <subfield code="o">TK7887.5 S949</subfield>
    <subfield code="p">455117</subfield>
    <subfield code="r">2025-10-15 14:44:40</subfield>
    <subfield code="t">1</subfield>
    <subfield code="w">2025-10-15</subfield>
    <subfield code="y">BK</subfield>
  </datafield>
  <datafield tag="952" ind1=" " ind2=" ">
    <subfield code="0">0</subfield>
    <subfield code="1">0</subfield>
    <subfield code="2">lcc</subfield>
    <subfield code="4">0</subfield>
    <subfield code="7">0</subfield>
    <subfield code="a">AWK</subfield>
    <subfield code="b">MAIN</subfield>
    <subfield code="d">2025-10-15</subfield>
    <subfield code="e">Legal deposit</subfield>
    <subfield code="i">455115 455118</subfield>
    <subfield code="l">0</subfield>
    <subfield code="o">TK7887.5 S949</subfield>
    <subfield code="p">455115 455118</subfield>
    <subfield code="r">2025-10-15 14:45:39</subfield>
    <subfield code="t">2</subfield>
    <subfield code="w">2025-10-15</subfield>
    <subfield code="y">BK</subfield>
  </datafield>
  <datafield tag="952" ind1=" " ind2=" ">
    <subfield code="0">0</subfield>
    <subfield code="1">0</subfield>
    <subfield code="2">lcc</subfield>
    <subfield code="4">0</subfield>
    <subfield code="7">0</subfield>
    <subfield code="a">BAU</subfield>
    <subfield code="b">MAIN</subfield>
    <subfield code="d">2025-10-15</subfield>
    <subfield code="e">Legal deposit</subfield>
    <subfield code="i">455107</subfield>
    <subfield code="l">0</subfield>
    <subfield code="o">TK7887.5 S949</subfield>
    <subfield code="p">455107</subfield>
    <subfield code="r">2025-10-15 14:46:53</subfield>
    <subfield code="t">1</subfield>
    <subfield code="w">2025-10-15</subfield>
    <subfield code="y">BK</subfield>
  </datafield>
  <datafield tag="952" ind1=" " ind2=" ">
    <subfield code="0">0</subfield>
    <subfield code="1">0</subfield>
    <subfield code="2">lcc</subfield>
    <subfield code="4">0</subfield>
    <subfield code="7">0</subfield>
    <subfield code="a">EDO</subfield>
    <subfield code="b">MAIN</subfield>
    <subfield code="d">2025-10-15</subfield>
    <subfield code="e">Legal deposit</subfield>
    <subfield code="i">455106</subfield>
    <subfield code="l">0</subfield>
    <subfield code="o">TK7887.5 S949</subfield>
    <subfield code="p">455106</subfield>
    <subfield code="r">2025-10-15 14:47:35</subfield>
    <subfield code="t">1</subfield>
    <subfield code="w">2025-10-15</subfield>
    <subfield code="y">BK</subfield>
  </datafield>
  <datafield tag="952" ind1=" " ind2=" ">
    <subfield code="0">0</subfield>
    <subfield code="1">0</subfield>
    <subfield code="2">lcc</subfield>
    <subfield code="4">0</subfield>
    <subfield code="7">0</subfield>
    <subfield code="a">CAL</subfield>
    <subfield code="b">MAIN</subfield>
    <subfield code="d">2025-10-15</subfield>
    <subfield code="e">Legal deposit</subfield>
    <subfield code="i">455093</subfield>
    <subfield code="l">0</subfield>
    <subfield code="o">TK7887.5 S949</subfield>
    <subfield code="p">455093</subfield>
    <subfield code="r">2025-10-15 14:48:10</subfield>
    <subfield code="t">1</subfield>
    <subfield code="w">2025-10-15</subfield>
    <subfield code="y">BK</subfield>
  </datafield>
  <datafield tag="952" ind1=" " ind2=" ">
    <subfield code="0">0</subfield>
    <subfield code="1">0</subfield>
    <subfield code="2">lcc</subfield>
    <subfield code="4">0</subfield>
    <subfield code="7">0</subfield>
    <subfield code="a">DAM</subfield>
    <subfield code="b">MAIN</subfield>
    <subfield code="d">2025-10-15</subfield>
    <subfield code="e">Legal deposit</subfield>
    <subfield code="i">455092</subfield>
    <subfield code="l">0</subfield>
    <subfield code="o">TK7887.5 S949</subfield>
    <subfield code="p">455092</subfield>
    <subfield code="r">2025-10-15 14:48:41</subfield>
    <subfield code="t">1</subfield>
    <subfield code="w">2025-10-15</subfield>
    <subfield code="y">BK</subfield>
  </datafield>
  <datafield tag="952" ind1=" " ind2=" ">
    <subfield code="0">0</subfield>
    <subfield code="1">0</subfield>
    <subfield code="2">lcc</subfield>
    <subfield code="4">0</subfield>
    <subfield code="7">0</subfield>
    <subfield code="a">DUT</subfield>
    <subfield code="b">MAIN</subfield>
    <subfield code="d">2025-10-15</subfield>
    <subfield code="e">Legal deposit</subfield>
    <subfield code="i">455091</subfield>
    <subfield code="l">0</subfield>
    <subfield code="o">TK7887.5 S949</subfield>
    <subfield code="p">455091</subfield>
    <subfield code="r">2025-10-15 14:49:06</subfield>
    <subfield code="t">1</subfield>
    <subfield code="w">2025-10-15</subfield>
    <subfield code="y">BK</subfield>
  </datafield>
  <datafield tag="952" ind1=" " ind2=" ">
    <subfield code="0">0</subfield>
    <subfield code="1">0</subfield>
    <subfield code="2">lcc</subfield>
    <subfield code="4">0</subfield>
    <subfield code="7">0</subfield>
    <subfield code="a">UMU</subfield>
    <subfield code="b">MAIN</subfield>
    <subfield code="d">2025-10-15</subfield>
    <subfield code="e">Legal deposit</subfield>
    <subfield code="i">455105</subfield>
    <subfield code="l">0</subfield>
    <subfield code="o">TK7887.5 S949</subfield>
    <subfield code="p">455105</subfield>
    <subfield code="r">2025-10-15 14:49:55</subfield>
    <subfield code="t">1</subfield>
    <subfield code="w">2025-10-15</subfield>
    <subfield code="y">BK</subfield>
  </datafield>
  <datafield tag="952" ind1=" " ind2=" ">
    <subfield code="0">0</subfield>
    <subfield code="1">0</subfield>
    <subfield code="2">lcc</subfield>
    <subfield code="4">0</subfield>
    <subfield code="7">0</subfield>
    <subfield code="a">YOL</subfield>
    <subfield code="b">MAIN</subfield>
    <subfield code="d">2025-10-15</subfield>
    <subfield code="e">Legal deposit</subfield>
    <subfield code="i">455104</subfield>
    <subfield code="l">0</subfield>
    <subfield code="o">TK7887.5 S949</subfield>
    <subfield code="p">455104</subfield>
    <subfield code="r">2025-10-15 14:50:53</subfield>
    <subfield code="t">1</subfield>
    <subfield code="w">2025-10-15</subfield>
    <subfield code="y">BK</subfield>
  </datafield>
  <datafield tag="952" ind1=" " ind2=" ">
    <subfield code="0">0</subfield>
    <subfield code="1">0</subfield>
    <subfield code="2">lcc</subfield>
    <subfield code="4">0</subfield>
    <subfield code="7">0</subfield>
    <subfield code="a">EKI</subfield>
    <subfield code="b">MAIN</subfield>
    <subfield code="d">2025-10-15</subfield>
    <subfield code="e">Legal deposit</subfield>
    <subfield code="i">455103</subfield>
    <subfield code="l">0</subfield>
    <subfield code="o">TK7887.5 S949</subfield>
    <subfield code="p">455103</subfield>
    <subfield code="r">2025-10-15 14:52:12</subfield>
    <subfield code="t">1</subfield>
    <subfield code="w">2025-10-15</subfield>
    <subfield code="y">BK</subfield>
  </datafield>
  <datafield tag="952" ind1=" " ind2=" ">
    <subfield code="0">0</subfield>
    <subfield code="1">0</subfield>
    <subfield code="2">lcc</subfield>
    <subfield code="4">0</subfield>
    <subfield code="7">0</subfield>
    <subfield code="a">ENU</subfield>
    <subfield code="b">MAIN</subfield>
    <subfield code="d">2025-10-15</subfield>
    <subfield code="e">Legal deposit</subfield>
    <subfield code="i">455121 455089</subfield>
    <subfield code="l">0</subfield>
    <subfield code="o">TK7887.5 S949</subfield>
    <subfield code="p">455121 455089</subfield>
    <subfield code="r">2025-10-15 14:53:18</subfield>
    <subfield code="t">2</subfield>
    <subfield code="w">2025-10-15</subfield>
    <subfield code="y">BK</subfield>
  </datafield>
  <datafield tag="952" ind1=" " ind2=" ">
    <subfield code="0">0</subfield>
    <subfield code="1">0</subfield>
    <subfield code="2">lcc</subfield>
    <subfield code="4">0</subfield>
    <subfield code="7">0</subfield>
    <subfield code="a">GOM</subfield>
    <subfield code="b">MAIN</subfield>
    <subfield code="d">2025-10-15</subfield>
    <subfield code="e">Legal deposit</subfield>
    <subfield code="i">455088</subfield>
    <subfield code="l">0</subfield>
    <subfield code="o">TK7887.5 S949</subfield>
    <subfield code="p">455088</subfield>
    <subfield code="r">2025-10-15 14:54:42</subfield>
    <subfield code="t">1</subfield>
    <subfield code="w">2025-10-15</subfield>
    <subfield code="y">BK</subfield>
  </datafield>
  <datafield tag="952" ind1=" " ind2=" ">
    <subfield code="0">0</subfield>
    <subfield code="1">0</subfield>
    <subfield code="2">lcc</subfield>
    <subfield code="4">0</subfield>
    <subfield code="7">0</subfield>
    <subfield code="a">GUS</subfield>
    <subfield code="b">MAIN</subfield>
    <subfield code="d">2025-10-15</subfield>
    <subfield code="e">Legal deposit</subfield>
    <subfield code="i">455114</subfield>
    <subfield code="l">0</subfield>
    <subfield code="o">TK7887.5 S949</subfield>
    <subfield code="p">455114</subfield>
    <subfield code="r">2025-10-15 14:56:12</subfield>
    <subfield code="t">1</subfield>
    <subfield code="w">2025-10-15</subfield>
    <subfield code="y">BK</subfield>
  </datafield>
  <datafield tag="952" ind1=" " ind2=" ">
    <subfield code="0">0</subfield>
    <subfield code="1">0</subfield>
    <subfield code="2">lcc</subfield>
    <subfield code="4">0</subfield>
    <subfield code="7">0</subfield>
    <subfield code="a">IBA</subfield>
    <subfield code="b">MAIN</subfield>
    <subfield code="d">2025-10-15</subfield>
    <subfield code="e">Legal deposit</subfield>
    <subfield code="i">455086</subfield>
    <subfield code="l">0</subfield>
    <subfield code="o">TK7887.5 S949</subfield>
    <subfield code="p">455086</subfield>
    <subfield code="r">2025-10-15 14:56:49</subfield>
    <subfield code="t">1</subfield>
    <subfield code="w">2025-10-15</subfield>
    <subfield code="y">BK</subfield>
  </datafield>
  <datafield tag="952" ind1=" " ind2=" ">
    <subfield code="0">0</subfield>
    <subfield code="1">0</subfield>
    <subfield code="2">lcc</subfield>
    <subfield code="4">0</subfield>
    <subfield code="7">0</subfield>
    <subfield code="a">ILO</subfield>
    <subfield code="b">MAIN</subfield>
    <subfield code="d">2025-10-15</subfield>
    <subfield code="e">Legal deposit</subfield>
    <subfield code="i">455100</subfield>
    <subfield code="l">0</subfield>
    <subfield code="o">TK7887.5 S949</subfield>
    <subfield code="p">455100</subfield>
    <subfield code="r">2025-10-15 14:57:25</subfield>
    <subfield code="t">1</subfield>
    <subfield code="w">2025-10-15</subfield>
    <subfield code="y">BK</subfield>
  </datafield>
  <datafield tag="952" ind1=" " ind2=" ">
    <subfield code="0">0</subfield>
    <subfield code="1">0</subfield>
    <subfield code="2">lcc</subfield>
    <subfield code="4">0</subfield>
    <subfield code="7">0</subfield>
    <subfield code="a">JAL</subfield>
    <subfield code="b">MAIN</subfield>
    <subfield code="d">2025-10-15</subfield>
    <subfield code="e">Legal deposit</subfield>
    <subfield code="i">455099</subfield>
    <subfield code="l">0</subfield>
    <subfield code="o">TK7887.5 S949</subfield>
    <subfield code="p">455099</subfield>
    <subfield code="r">2025-10-15 14:58:13</subfield>
    <subfield code="t">1</subfield>
    <subfield code="w">2025-10-15</subfield>
    <subfield code="y">BK</subfield>
  </datafield>
  <datafield tag="952" ind1=" " ind2=" ">
    <subfield code="0">0</subfield>
    <subfield code="1">0</subfield>
    <subfield code="2">lcc</subfield>
    <subfield code="4">0</subfield>
    <subfield code="7">0</subfield>
    <subfield code="a">JOS</subfield>
    <subfield code="b">MAIN</subfield>
    <subfield code="d">2025-10-15</subfield>
    <subfield code="e">Legal deposit</subfield>
    <subfield code="i">455101</subfield>
    <subfield code="l">0</subfield>
    <subfield code="o">TK7887.5 S949</subfield>
    <subfield code="p">455101</subfield>
    <subfield code="r">2025-10-15 14:58:56</subfield>
    <subfield code="t">1</subfield>
    <subfield code="w">2025-10-15</subfield>
    <subfield code="y">BK</subfield>
  </datafield>
  <datafield tag="952" ind1=" " ind2=" ">
    <subfield code="0">0</subfield>
    <subfield code="1">0</subfield>
    <subfield code="2">lcc</subfield>
    <subfield code="4">0</subfield>
    <subfield code="7">0</subfield>
    <subfield code="a">KAD</subfield>
    <subfield code="b">MAIN</subfield>
    <subfield code="d">2025-10-15</subfield>
    <subfield code="e">Legal deposit</subfield>
    <subfield code="i">455098</subfield>
    <subfield code="l">0</subfield>
    <subfield code="o">TK7887.5 S949</subfield>
    <subfield code="p">455098</subfield>
    <subfield code="r">2025-10-15 14:59:30</subfield>
    <subfield code="t">1</subfield>
    <subfield code="w">2025-10-15</subfield>
    <subfield code="y">BK</subfield>
  </datafield>
  <datafield tag="952" ind1=" " ind2=" ">
    <subfield code="0">0</subfield>
    <subfield code="1">0</subfield>
    <subfield code="2">lcc</subfield>
    <subfield code="4">0</subfield>
    <subfield code="7">0</subfield>
    <subfield code="a">KAT</subfield>
    <subfield code="b">MAIN</subfield>
    <subfield code="d">2025-10-15</subfield>
    <subfield code="e">Legal deposit</subfield>
    <subfield code="i">455097</subfield>
    <subfield code="l">0</subfield>
    <subfield code="o">TK7887.5 S949</subfield>
    <subfield code="p">455097</subfield>
    <subfield code="r">2025-10-15 14:59:54</subfield>
    <subfield code="t">1</subfield>
    <subfield code="w">2025-10-15</subfield>
    <subfield code="y">BK</subfield>
  </datafield>
  <datafield tag="952" ind1=" " ind2=" ">
    <subfield code="0">0</subfield>
    <subfield code="1">0</subfield>
    <subfield code="2">lcc</subfield>
    <subfield code="4">0</subfield>
    <subfield code="7">0</subfield>
    <subfield code="a">UYO</subfield>
    <subfield code="b">MAIN</subfield>
    <subfield code="d">2025-10-15</subfield>
    <subfield code="e">Legal deposit</subfield>
    <subfield code="i">455096</subfield>
    <subfield code="l">0</subfield>
    <subfield code="o">TK7887.5 S949</subfield>
    <subfield code="p">455096</subfield>
    <subfield code="r">2025-10-15 15:00:41</subfield>
    <subfield code="t">1</subfield>
    <subfield code="w">2025-10-15</subfield>
    <subfield code="y">BK</subfield>
  </datafield>
  <datafield tag="952" ind1=" " ind2=" ">
    <subfield code="0">0</subfield>
    <subfield code="1">0</subfield>
    <subfield code="2">lcc</subfield>
    <subfield code="4">0</subfield>
    <subfield code="7">0</subfield>
    <subfield code="a">KEB</subfield>
    <subfield code="b">MAIN</subfield>
    <subfield code="d">2025-10-15</subfield>
    <subfield code="e">Legal deposit</subfield>
    <subfield code="i">455113</subfield>
    <subfield code="l">0</subfield>
    <subfield code="o">TK7887.5 S949</subfield>
    <subfield code="p">455113</subfield>
    <subfield code="r">2025-10-15 15:01:15</subfield>
    <subfield code="t">1</subfield>
    <subfield code="w">2025-10-15</subfield>
    <subfield code="y">BK</subfield>
  </datafield>
  <datafield tag="952" ind1=" " ind2=" ">
    <subfield code="0">0</subfield>
    <subfield code="1">0</subfield>
    <subfield code="2">lcc</subfield>
    <subfield code="4">0</subfield>
    <subfield code="7">0</subfield>
    <subfield code="a">LAF</subfield>
    <subfield code="b">MAIN</subfield>
    <subfield code="d">2025-10-15</subfield>
    <subfield code="e">Legal deposit</subfield>
    <subfield code="i">455095</subfield>
    <subfield code="l">0</subfield>
    <subfield code="o">TK7887.5 S949</subfield>
    <subfield code="p">455095</subfield>
    <subfield code="r">2025-10-15 15:01:45</subfield>
    <subfield code="t">1</subfield>
    <subfield code="w">2025-10-15</subfield>
    <subfield code="y">BK</subfield>
  </datafield>
  <datafield tag="952" ind1=" " ind2=" ">
    <subfield code="0">0</subfield>
    <subfield code="1">0</subfield>
    <subfield code="2">lcc</subfield>
    <subfield code="4">0</subfield>
    <subfield code="7">0</subfield>
    <subfield code="a">LAG</subfield>
    <subfield code="b">MAIN</subfield>
    <subfield code="d">2025-10-15</subfield>
    <subfield code="e">Legal deposit</subfield>
    <subfield code="i">455090 455120</subfield>
    <subfield code="l">0</subfield>
    <subfield code="o">TK7887.5 S949</subfield>
    <subfield code="p">455090 455120</subfield>
    <subfield code="r">2025-10-15 15:02:26</subfield>
    <subfield code="t">2</subfield>
    <subfield code="w">2025-10-15</subfield>
    <subfield code="y">BK</subfield>
  </datafield>
  <datafield tag="952" ind1=" " ind2=" ">
    <subfield code="0">0</subfield>
    <subfield code="1">0</subfield>
    <subfield code="2">lcc</subfield>
    <subfield code="4">0</subfield>
    <subfield code="7">0</subfield>
    <subfield code="a">LOK</subfield>
    <subfield code="b">MAIN</subfield>
    <subfield code="d">2025-10-15</subfield>
    <subfield code="e">Legal deposit</subfield>
    <subfield code="i">455112</subfield>
    <subfield code="l">0</subfield>
    <subfield code="o">TK7887.5 S949</subfield>
    <subfield code="p">455112</subfield>
    <subfield code="r">2025-10-15 15:03:10</subfield>
    <subfield code="t">1</subfield>
    <subfield code="w">2025-10-15</subfield>
    <subfield code="y">BK</subfield>
  </datafield>
  <datafield tag="952" ind1=" " ind2=" ">
    <subfield code="0">0</subfield>
    <subfield code="1">0</subfield>
    <subfield code="2">lcc</subfield>
    <subfield code="4">0</subfield>
    <subfield code="7">0</subfield>
    <subfield code="a">MAI</subfield>
    <subfield code="b">MAIN</subfield>
    <subfield code="d">2025-10-15</subfield>
    <subfield code="e">Legal deposit</subfield>
    <subfield code="i">455087</subfield>
    <subfield code="l">0</subfield>
    <subfield code="o">TK7887.5 S949</subfield>
    <subfield code="p">455087</subfield>
    <subfield code="r">2025-10-15 15:03:38</subfield>
    <subfield code="t">1</subfield>
    <subfield code="w">2025-10-15</subfield>
    <subfield code="y">BK</subfield>
  </datafield>
  <datafield tag="952" ind1=" " ind2=" ">
    <subfield code="0">0</subfield>
    <subfield code="1">0</subfield>
    <subfield code="2">lcc</subfield>
    <subfield code="4">0</subfield>
    <subfield code="7">0</subfield>
    <subfield code="a">BEN</subfield>
    <subfield code="b">MAIN</subfield>
    <subfield code="d">2025-10-15</subfield>
    <subfield code="e">Legal deposit</subfield>
    <subfield code="i">455111</subfield>
    <subfield code="l">0</subfield>
    <subfield code="o">TK7887.5 S949</subfield>
    <subfield code="p">455111</subfield>
    <subfield code="r">2025-10-15 15:04:06</subfield>
    <subfield code="t">1</subfield>
    <subfield code="w">2025-10-15</subfield>
    <subfield code="y">BK</subfield>
  </datafield>
  <datafield tag="952" ind1=" " ind2=" ">
    <subfield code="0">0</subfield>
    <subfield code="1">0</subfield>
    <subfield code="2">lcc</subfield>
    <subfield code="4">0</subfield>
    <subfield code="7">0</subfield>
    <subfield code="a">MIN</subfield>
    <subfield code="b">MAIN</subfield>
    <subfield code="d">2025-10-15</subfield>
    <subfield code="e">Legal deposit</subfield>
    <subfield code="i">455085</subfield>
    <subfield code="l">0</subfield>
    <subfield code="o">TK7887.5 S949</subfield>
    <subfield code="p">455085</subfield>
    <subfield code="r">2025-10-15 15:04:36</subfield>
    <subfield code="t">1</subfield>
    <subfield code="w">2025-10-15</subfield>
    <subfield code="y">BK</subfield>
  </datafield>
  <datafield tag="952" ind1=" " ind2=" ">
    <subfield code="0">0</subfield>
    <subfield code="1">0</subfield>
    <subfield code="2">lcc</subfield>
    <subfield code="4">0</subfield>
    <subfield code="7">0</subfield>
    <subfield code="a">OSO</subfield>
    <subfield code="b">MAIN</subfield>
    <subfield code="d">2025-10-15</subfield>
    <subfield code="e">Legal deposit</subfield>
    <subfield code="i">455110</subfield>
    <subfield code="l">0</subfield>
    <subfield code="o">TK7887.5 S949</subfield>
    <subfield code="p">455110</subfield>
    <subfield code="r">2025-10-15 15:05:21</subfield>
    <subfield code="t">1</subfield>
    <subfield code="w">2025-10-15</subfield>
    <subfield code="y">BK</subfield>
  </datafield>
  <datafield tag="952" ind1=" " ind2=" ">
    <subfield code="0">0</subfield>
    <subfield code="1">0</subfield>
    <subfield code="2">lcc</subfield>
    <subfield code="4">0</subfield>
    <subfield code="7">0</subfield>
    <subfield code="a">OWE</subfield>
    <subfield code="b">MAIN</subfield>
    <subfield code="d">2025-10-15</subfield>
    <subfield code="e">Legal deposit</subfield>
    <subfield code="i">455124 455108</subfield>
    <subfield code="l">0</subfield>
    <subfield code="o">TK7887.5 S949</subfield>
    <subfield code="p">455124 455108</subfield>
    <subfield code="r">2025-10-15 15:06:03</subfield>
    <subfield code="t">2</subfield>
    <subfield code="w">2025-10-15</subfield>
    <subfield code="y">BK</subfield>
  </datafield>
  <datafield tag="952" ind1=" " ind2=" ">
    <subfield code="0">0</subfield>
    <subfield code="1">0</subfield>
    <subfield code="2">lcc</subfield>
    <subfield code="4">0</subfield>
    <subfield code="7">0</subfield>
    <subfield code="a">PH</subfield>
    <subfield code="b">MAIN</subfield>
    <subfield code="d">2025-10-15</subfield>
    <subfield code="e">Legal deposit</subfield>
    <subfield code="i">455123</subfield>
    <subfield code="l">0</subfield>
    <subfield code="o">TK7887.5 S949</subfield>
    <subfield code="p">455123</subfield>
    <subfield code="r">2025-10-15 15:06:27</subfield>
    <subfield code="t">1</subfield>
    <subfield code="w">2025-10-15</subfield>
    <subfield code="y">BK</subfield>
  </datafield>
  <datafield tag="952" ind1=" " ind2=" ">
    <subfield code="0">0</subfield>
    <subfield code="1">0</subfield>
    <subfield code="2">lcc</subfield>
    <subfield code="4">0</subfield>
    <subfield code="7">0</subfield>
    <subfield code="a">SOK</subfield>
    <subfield code="b">MAIN</subfield>
    <subfield code="d">2025-10-15</subfield>
    <subfield code="e">Legal deposit</subfield>
    <subfield code="i">455109</subfield>
    <subfield code="l">0</subfield>
    <subfield code="o">TK7887.5 S949</subfield>
    <subfield code="p">455109</subfield>
    <subfield code="r">2025-10-15 15:07:34</subfield>
    <subfield code="t">1</subfield>
    <subfield code="w">2025-10-15</subfield>
    <subfield code="y">BK</subfield>
  </datafield>
  <datafield tag="952" ind1=" " ind2=" ">
    <subfield code="0">0</subfield>
    <subfield code="1">0</subfield>
    <subfield code="2">lcc</subfield>
    <subfield code="4">0</subfield>
    <subfield code="7">0</subfield>
    <subfield code="a">YEN</subfield>
    <subfield code="b">MAIN</subfield>
    <subfield code="d">2025-10-15</subfield>
    <subfield code="e">Legal deposit</subfield>
    <subfield code="i">455122</subfield>
    <subfield code="l">0</subfield>
    <subfield code="o">TK7887.5 S949</subfield>
    <subfield code="p">455122</subfield>
    <subfield code="r">2025-10-15 15:08:08</subfield>
    <subfield code="t">1</subfield>
    <subfield code="w">2025-10-15</subfield>
    <subfield code="y">BK</subfield>
  </datafield>
</record>
